000 00674nmm a2200193Ia 4500
008 251105s9999||||xx |||||||||||||||||und||
020 _a9788484890690
041 _aspa
100 _aHolmberg, Eduardo L.
245 0 _aCuarenta y tres años de obras manuscritas e inéditas (1872-1915) :
_b Sociedad y cultura de la Argentina moderna
264 _a[Madrid, España] :
_bIberoamericana Vervuert,
_c2002
300 _a390 páginas
490 _aEl Fuego Nuevo. Textos recobrados
650 _aLatin American literature
700 _aHolmberg, Eduardo L.
700 1 _a Marún, Gioconda (ed.)
856 _uhttps://public.digitaliapublishing.com/a/56754
942 _cCF
999 _c66952
_d66952